| 000 | 00796nam a2200217 i 4500 | ||
|---|---|---|---|
| 001 | 28886 | ||
| 003 | ES-MaACL | ||
| 005 | 20250822062527.0 | ||
| 007 | t| | ||
| 008 | 030120s1926 sp |||| |bspa d | ||
| 100 | 1 |
_aBagües, Ventura. _924654 |
|
| 245 | 1 | 0 |
_aDon Francisco, el de los toros _b: conferencia leída en el Centro Mercantil... de Zaragoza... 1926 / _cVentura Bagüés. |
| 260 |
_aZaragoza : _b[s.n.], _c1926 ( _fTip. del Hospicio) |
||
| 300 |
_a44 p. ; _c22 cm. |
||
| 490 | 1 |
_aPublicaciones de la Junta Organizadora del Centenario de Goya ; _v4 |
|
| 600 | 1 | 4 |
_aGoya, Francisco de, _d1746-1828 _9240353 |
| 830 | 0 |
_aPublicaciones de la Junta Organizadora del Centenario de Goya ; _v4 _9186374 |
|
| 852 |
_aES-MaACL _j1704-F-28 |
||
| 942 | _2udc | ||
| 999 |
_c28886 _d28886 |
||